Kejayaan ditangan anda

Bibliographic Details
Main Author: A. Hassan Mohamed
Format: Book
Published: Selangor : Thinker's Library Sdn. Bhd. , 2008
Subjects:

MARC

LEADER 00000cam a2200000 7i4500
001 0000028548
005 20150201.0
008 091211
020 |a 9676907127 
090 0 0 |a 158.1   |b AHM 
100 1 |a A. Hassan Mohamed 
245 0 0 |a Kejayaan ditangan anda   |c A. Hassan Mohamed 
260 |a Selangor :   |b Thinker's Library Sdn. Bhd. ,   |c 2008 
650 0 |a Motivation(Psychology) 
650 0 |a Personality and motivation 
650 0 |a Success 
999 |a 0001055654   |b Book   |c Adult Collection   |e Perbadanan Perpustakaan Awam Johor 
999 |a 0001055655   |b Book   |c Adult Collection   |e Perbadanan Perpustakaan Awam Johor 
999 |a 0001055656   |b Book   |c Adult Collection   |e Perbadanan Perpustakaan Awam Johor